| 000 | 00361nam a2200145Ia 4500 | ||
|---|---|---|---|
| 005 | 20250729165341.0 | ||
| 008 | 250729s2006 xx 000 0 und d | ||
| 041 | _aeng | ||
| 082 | _a613 RAOS | ||
| 100 |
_aRao V K _9221522 |
||
| 245 | _aSports education | ||
| 260 |
_aNew Delhi _bA P H Publishing _c2006 |
||
| 300 | _a276p | ||
| 650 |
_aSports Education _9221523 |
||
| 999 |
_c235051 _d235051 |
||